Largest World Cities With Seven Letters - Statistics

General Stats
  • This quiz has been taken 32 times
  • The average score is 14 of 20
Answer Stats
Population Country Answer % Correct
21.8 mil Thailand Bangkok
100%
29.5 mil Indonesia Jakarta
100%
21.5 mil China Beijing
93%
6.90 mil Kenya Nairobi
93%
7.80 mil Iraq Baghdad
89%
7.85 mil Canada Toronto
89%
21.0 mil Pakistan Karachi
82%
17.9 mil India Kolkata
82%
21.8 mil United States New York
82%
9.60 mil United States Chicago
79%
7.05 mil Ivory Coast Abidjan
71%
12.9 mil India Chennai
71%
7.20 mil United States Houston
68%
18.1 mil China Chengdu
61%
7.00 mil Indonesia Bandung
57%
9.50 mil China Nanjing
57%
11.7 mil China Tianjin
43%
7.70 mil China Qingdao
36%
7.00 mil China Wenzhou
14%
8.05 mil China Shantou
11%
No matching quizzes found
Score Distribution
Percent of People with Each Score
Percentile by Number Answered
Your Score History
You have not taken this quiz